| 000 | 02019cam a22004937i 4500 | ||
|---|---|---|---|
| 001 | 18759534 | ||
| 003 | OSt | ||
| 005 | 20230822131545.0 | ||
| 008 | 150825t20162016enka b 001 0 eng d | ||
| 010 | _a 2015950295 | ||
| 020 | _a9781783479122 | ||
| 020 | _a1783479124 | ||
| 020 |
_z9781783479139 _q(ebook) |
||
| 035 | _a(OCoLC)ocn933722910 | ||
| 040 |
_aBTCTA _beng _cBTCTA _erda _dOCLCQ _dYDXCP _dCDX _dOCLCQ _dOCLCO _dIG$ _dOCLCF _dDLC |
||
| 042 | _alccopycat | ||
| 050 | 0 | 0 |
_aHF5549 _b.E735 2016 |
| 082 | 0 | 4 |
_a658.3 _bWAN/E |
| 245 | 0 | 0 |
_aEntrepreneurship and talent management from a global perspective : _bglobal returnees / _cedited by Huiyao Wang (President, Center for China and Globalization, Beijing, China), Yipeng Liu (Senior Lecturer in Entrepreneurship, Birmingham Business School, University of Birmingham, UK). |
| 264 | 1 |
_aCheltenham, UK : _bEdward Elgar Publishing, _c[2016] |
|
| 264 | 4 | _c©2016 | |
| 300 |
_axlii, 300 pages : _billustrations ; _c25 cm. |
||
| 336 |
_atext _btxt _2rdacontent |
||
| 337 |
_aunmediated _bn _2rdamedia |
||
| 338 |
_avolume _bnc _2rdacarrier |
||
| 490 | 1 | _aNew horizons in management | |
| 504 | _aIncludes bibliographical references and index. | ||
| 650 | 0 | _aPersonnel management. | |
| 650 | 0 |
_aPersonnel management _zChina. |
|
| 650 | 0 | _aCreative ability in business. | |
| 650 | 0 |
_aCreative ability in business _zChina. |
|
| 650 | 0 | _aEmployee selection. | |
| 650 | 0 |
_aEmployee selection _zChina. |
|
| 650 | 7 |
_aCreative ability in business. _2fast _0(OCoLC)fst00882438 |
|
| 650 | 7 |
_aEmployee selection. _2fast _0(OCoLC)fst00909065 |
|
| 650 | 7 |
_aPersonnel management. _2fast _0(OCoLC)fst01058797 |
|
| 651 | 7 |
_aChina. _2fast _0(OCoLC)fst01206073 |
|
| 700 | 1 |
_aWang, Huiyao, _eeditor. |
|
| 700 | 1 |
_aLiu, Yipeng, _eeditor. |
|
| 830 | 0 | _aNew horizons in management. | |
| 906 |
_a7 _bcbc _ccopycat _d2 _encip _f20 _gy-gencatlg |
||
| 942 |
_2ddc _cBK _h658.3 _iWAN/E _k658.3 _mWAN/E |
||
| 999 |
_c41950 _d41950 |
||